Các nền kinh tế chuyển đổi : Lí luận và thực tiễn

Uloženo v:
Podrobná bibliografie
Korporativní autor: Viện Thông tin Khoa học Xã hội
Médium: Kniha
Jazyk:Undetermined
Vydáno: Hà Nội Thông tin Khoa học Xã hội 1998
Témata:
Tagy: Přidat tag
Žádné tagy, Buďte první, kdo otaguje tento záznam!
Thư viện lưu trữ: Trung tâm Học liệu Trường Đại học Cần Thơ
LEADER 00599nam a2200181Ia 4500
001 CTU_29321
008 210402s9999 xx 000 0 und d
082 |a 381 
082 |b V305 
110 |a Viện Thông tin Khoa học Xã hội 
245 0 |a Các nền kinh tế chuyển đổi : 
245 0 |b Lí luận và thực tiễn 
245 0 |c Viện Thông tin Khoa học Xã hội 
260 |a Hà Nội 
260 |b Thông tin Khoa học Xã hội 
260 |c 1998 
650 |a Commerce markets 
980 |a Trung tâm Học liệu Trường Đại học Cần Thơ